| 000 | 00697nam a2200217 a 4500 | ||
|---|---|---|---|
| 001 | 000024208 | ||
| 005 | 20200930022817.0 | ||
| 008 | 110120s1972 ag r 000 0 spa d | ||
| 040 |
_aDO-SdBNP _bspa _cBNPHU |
||
| 082 |
_axxxx _bS635 p |
||
| 100 | 1 |
_aSmall, Leonard _949722 |
|
| 245 | 1 | 0 |
_aPsicoterapias breves / _cLeonard Small ; traducción Oscar Muslera ; prólogo Marie Langer. |
| 260 |
_aBuenos Aires, Argentina : _bGranica, _c1972. |
||
| 300 |
_a314 p. ; _c19.5 cm. |
||
| 490 | 1 | _aPsicoteca mayor | |
| 500 | _aIncluye bibliografía p. [297-314]. | ||
| 700 | 1 |
_aMuslera, Oscar, _etr. _98883 |
|
| 700 | 1 |
_aLanger, Marie, _epról. _934878 |
|
| 830 | 0 |
_aPsicoteca mayor _949723 |
|
| 049 | _aBNGR | ||
| 999 |
_c23702 _d23702 |
||